000 00305nam a22001337a 4500
008 170508b xxu||||| |||| 00| 0 eng d
020 _a2901587786715
041 _aeng
080 _a342
100 _a15
101 _aSHJ
245 _aFOUNDATIONS OF ADMINISTRATIVE LAW
_cSCHUCK, P.H
942 _2udc
_cBK
999 _c12872
_d12872